Statistiken für Geschichte nach Buchstabe - E

Klicken Sie hier um das Quiz zu spielen!

Allgemein

  • Dieses Quiz wurde 1,712 mal gespielt
  • Das Durchschnittsergebnis liegt bei 13 aus 22

Antwortstatistiken

Hinweis Antwort % Korrekt
Wissenschaftler bekannt für
seine Relativitätstheorie
Albert Einstein
99%
Währung, die 1999 eingeführt wurdeEuro
91%
Gewann die Fußball-WM 1966England
89%
Erfinder der GlühbirneThomas Edison
85%
Stadt im Ruhrgebiet, bekannt für
die Zeche Zollverein
Essen
83%
Die jungfräuliche Königin EnglandsElisabeth
79%
Höchstes Gebäude der
Welt im Jahre 1900
Eiffelturm
69%
Berühmte Formel aus der
obengenannten Theorie
E = mc2
68%
Wichtiger Fluss MesopotamiensEuphrat
68%
Insel, auf welche Napoleon
verbannt wurde
Elba
63%
Deutsche Chiffriermaschine
des Zweiten Weltkrieges
Enigma
52%
Antike toskanische Zivilisation und
Rivale der Römer
Etrusker
48%
"Der Krieg, der alle Kriege beenden soll"Erster Weltkrieg
48%
Angelsächsischer König, auch
"der Bekenner" genannt
Eduard
44%
Früherer Name von TokioEdo
42%
Griechischer "Vater der Geometrie"Euklid
40%
Kanal, der seit 1825 den Atlantik
mit den Großen Seen verbindet
Erie-Kanal
37%
"Ike"Dwight Eisenhower
37%
Aufgeklärte Heimatstadt von
Adam Smith und David Hume
Edinburgh
36%
Flugpionerin die 1937 verschwandAmelia Earhart
33%
Nordischer Entdecker von VinlandLeif Erikson
25%
Athenischer Autor der "Medea"Euripides
15%

Verteilung der Resultate

Perzentil nach korrekt beantworteten Fragen

Anzahl Personen mit jedem Resultat

Ihre Resultats-Entwicklung

Sie haben dieses Quiz noch nicht gespielt